|
|
|
|
| LEADER |
00000nam0a2200000 4500 |
| 001 |
139747 |
| 005 |
20240827063209.0 |
| 010 |
|
|
|a 9785945601369
|
| 035 |
|
|
|a (RuTPU)RU\TPU\book\151382
|
| 090 |
|
|
|a 139747
|
| 100 |
|
|
|a 20080610d2008 k y0rusy50 ca
|
| 101 |
0 |
|
|a rus
|
| 102 |
|
|
|a RU
|
| 105 |
|
|
|a a z 001zy
|
| 200 |
1 |
|
|a Русское географическое общество и книга. Очерк истории издательской, библиотечной и библиографической работы в XIX - начале XX в.
|f Е. А. Базылева
|g Российская академия наук (РАН), Сибирское отделение (СО), Государственная публичная научно-техническая библиотека (ГПНТБ) ; под ред. А. Л. Посадскова; Л. А. Кожевниковой
|
| 210 |
|
|
|a Новосибирск
|c Изд-во ГПНТБ СО РАН
|d 2008
|
| 215 |
|
|
|a 386 с.
|c ил.
|
| 320 |
|
|
|a Библиогр.: с. 357-370.
|
| 320 |
|
|
|a Именной указатель: с. 371-384.
|
| 320 |
|
|
|a Список сокращений: с. 385.
|
| 330 |
|
|
|a В монографии впервые освещается истории издания, распространения и использования книжной продукции Русского географического общества: развитие деятельности во взаимосвязи с государственной политикой и необходимостью вовлечения в экономику страны обширных земель Российской империи, освоения и изучения новых территорий; формирование библиотек, зарождение и развитие библиографической практики, а также распространение изданий общества, как в России, так и за рубежом. Работа рассчитана на специалистов в области истории книги, и всех, интересующихся историей отечественной книжной культуры.
|
| 600 |
|
1 |
|a Берг
|b Л. С.
|c российский физикогеограф
|c биолог
|f 1867-1950
|g Лев Семенович
|c академик АН СССР
|2 stltpush
|3 (RuTPU)RU\TPU\pers\13434
|
| 600 |
|
1 |
|a Вагин
|b В. И.
|c российский общественный деятель
|c публицист
|f 1823-1900
|g Всеволод Иванович
|c историк
|c активный сторонник областничества
|2 stltpush
|3 (RuTPU)RU\TPU\pers\23214
|
| 600 |
|
1 |
|a Воейков
|b А. И.
|c русский метеоролог
|c русский географ
|f 1842-1916
|g Александр Иванович
|2 stltpush
|3 (RuTPU)RU\TPU\pers\15014
|9 5116
|
| 600 |
|
1 |
|a Грумм-Гржимайло (Грум-Гржимайло)
|b Г. Е.
|c советский географ
|c исследователь Средней и Центральной Азии
|f 1860-1936
|g Григорий Ефимович
|2 stltpush
|3 (RuTPU)RU\TPU\pers\22403
|9 9521
|
| 600 |
|
1 |
|a Клеменц
|b Д. А.
|c революционер-народник
|c археолог
|f 1848-1914
|g Дмитрий Александрович
|c этнограф
|2 stltpush
|3 (RuTPU)RU\TPU\pers\22414
|
| 600 |
|
1 |
|a Козлов
|b П. К.
|c советский исследователь Центральной Азии
|f 1863-1935
|g Петр Кузьмич
|2 stltpush
|3 (RuTPU)RU\TPU\pers\23550
|9 10267
|
| 600 |
|
1 |
|a Литке
|b Ф. П.
|c российский государственный деятель
|c президент Петербургской Академии Наук
|c один из основателей Русского Географического Общества
|c мореплаватель
|f 1797-1832
|g Федор Петрович
|2 stltpush
|3 (RuTPU)RU\TPU\pers\23474
|9 10232
|
| 600 |
|
1 |
|a Обручев
|b В. А.
|c российский геолог
|c профессор Томского технологического института
|c исследователь Сибири, Центральной и Средней Азии
|c географ
|f 1863-1956
|g Владимир Афанасьевич
|y Томск
|7 ca
|8 rus
|2 stltpush
|3 (RuTPU)RU\TPU\pers\996
|9 441
|
| 600 |
|
1 |
|a Певцов
|b М. В.
|c российский путешественник
|c исследователь Центральной Азии
|f 1843-1902
|g Михаил Васильевич
|2 stltpush
|3 (RuTPU)RU\TPU\pers\15010
|9 5112
|
| 600 |
|
1 |
|a Потанин
|b Г. Н.
|c русский естествоиспытатель
|c путешественник
|f 1835-1920
|g Григорий Николаевич
|2 stltpush
|3 (RuTPU)RU\TPU\pers\11248
|9 2489
|
| 600 |
|
1 |
|a Пржевальский
|b Н. М.
|f 1839-1888
|g Николай Михайлович
|c российский путешественник
|c исследователь Центральной Азии
|2 stltpush
|3 (RuTPU)RU\TPU\pers\6125
|
| 600 |
|
1 |
|a Роборовский
|b В. И.
|c русский путешественник
|c исследователь Центральной Азии
|f 1856-1910
|g Всеволод Иванович
|2 stltpush
|3 (RuTPU)RU\TPU\pers\24668
|9 10931
|
| 600 |
|
1 |
|a Семенов-Тян-Шанский (Семенов)
|b П. П.
|c российский географ
|c статистик
|f 1827-1914
|g Петр Петрович
|2 stltpush
|3 (RuTPU)RU\TPU\pers\11503
|9 2697
|
| 600 |
|
1 |
|a Талько-Грынцевич
|b Ю. Д.
|c российский археолог
|c этнограф
|f 1850-1936
|g Юлиан Доминикович
|c врач
|c поляк
|2 stltpush
|3 (RuTPU)RU\TPU\pers\8721
|
| 606 |
1 |
|
|a Географические исследования
|2 stltpush
|3 (RuTPU)RU\TPU\subj\68113
|9 83643
|
| 606 |
1 |
|
|a Издательское дело
|x История
|2 stltpush
|3 (RuTPU)RU\TPU\subj\12222
|9 39048
|
| 606 |
1 |
|
|a Библиотечное дело
|y Россия
|y СССР
|x История
|2 stltpush
|3 (RuTPU)RU\TPU\subj\28617
|
| 610 |
1 |
|
|a Русское географическое общество
|
| 610 |
1 |
|
|a региональные общества
|
| 610 |
1 |
|
|a Сибирь
|
| 610 |
1 |
|
|a РГО
|
| 610 |
1 |
|
|a книгоиздательская деятельность
|
| 610 |
1 |
|
|a библиографическая деятельность
|
| 610 |
1 |
|
|a история книги
|
| 675 |
|
|
|a 910
|v 3
|
| 686 |
|
|
|a Ч617.3
|v LBC/SL-A
|2 rubbk
|
| 686 |
|
|
|a Ч733
|v LBC/SL-A
|2 rubbk
|
| 700 |
|
1 |
|a Базылева
|b Е. А.
|g Елена Анатольевна
|
| 702 |
|
1 |
|a Посадсков
|b А. Л.
|4 340
|
| 702 |
|
1 |
|a Кожевникова
|b Л. А.
|4 340
|
| 712 |
0 |
2 |
|a Российская академия наук (РАН)
|b Сибирское отделение (СО)
|b Государственная публичная научно-техническая библиотека (ГПНТБ)
|c (Новосибирск)
|2 stltpush
|3 (RuTPU)RU\TPU\col\25
|
| 801 |
|
1 |
|a RU
|b 63413507
|c 20080610
|g PSBO
|
| 801 |
|
2 |
|a RU
|b 63413507
|c 20091012
|g PSBO
|
| 942 |
|
|
|c BK
|
| 959 |
|
|
|a 65/20080529
|d 1
|e 363,00
|f РФ:1
|
| 959 |
|
|
|a 7/20090115
|d 1
|e 748,00
|f РФ:1
|